| 000 | 01086nam a22002417i 4500 | ||
|---|---|---|---|
| 999 |
_c22755 _d22755 |
||
| 003 | AR-CdUCM | ||
| 008 | 240112b20092009pe ||||| |||| 00| 0 spa d | ||
| 040 |
_aMUNICIPALIDAD PROVINCIAL DEL CUSCO _cBIBLIOTECA MUNICIPAL DEL CUSCO |
||
| 082 |
_a338.4 / D _bD |
||
| 245 | _aPlan de Desarrollo Turístico Distrito de Lares / | ||
| 260 |
_aCusco : _bMunicipalidad Distrital de Lares - Centro de Estudios Regionales Andinos Bartolomé de las Casas, _c2009 |
||
| 300 |
_a153 páginas. : _c27 cm. |
||
| 505 | _aTendencias regionales, nacionales y mundiales del turismo -- Diagnóstico del turismo en el distrito de Lares oferta y demanda -- Objetivos estratégicos en el distrito de Lares -- Turismo de aventura, natural, cultural, termo medicinal | ||
| 650 |
_aTurismo en el distrito de Lares _949290 |
||
| 650 |
_aAventura _91719 |
||
| 650 |
_aCultural _927983 |
||
| 650 |
_aNatural _938143 |
||
| 650 |
_aOferta y demanda en el distrito Lares _949291 |
||
| 650 |
_aTurismo termo medicinal _949292 |
||
| 856 | _fhttp://www.cbc.org.pe | ||
| 942 |
_2ddc _cLIBROS |
||
| 945 |
_apbj _d12-01-2024 |
||